| 000 | 00876nam a2200217Ii 4500 | ||
|---|---|---|---|
| 003 | JO-AjNU | ||
| 008 | 230605s9999||||xx |||||||||||||| ||und|| | ||
| 017 | _a2014/5/2636 | ||
| 040 |
_aJO-AjNU _bara _erda _cJO-AjNU |
||
| 041 | _aara | ||
| 050 | 1 | 4 | _aPJ7543.U554 2014 |
| 100 | 3 |
_aعليمات، يوسف, _eauthor _956766 |
|
| 245 | 0 | 0 | _aالنسق الثقافي: قراءة ثقافية في أنساق الشعر العربي القديم |
| 264 | 3 | 1 | _aعمان: وزارة الثقافة، 2014 |
| 300 |
_a224ص _bطبع بدعم من أمانة عمان الكبرى |
||
| 336 |
_atext _btxt _2rdacontent |
||
| 337 |
_aunmediated _bn _2rdamedia |
||
| 338 |
_avolume _bnc _2rdacarrier |
||
| 490 | 0 | _aمكتبة الاسرة ومهرجان القراءة للجميع، 2014 | |
| 650 | 4 |
_aالشعر العربي - تاريخ ونقد - العصر الجاهلي _956767 |
|
| 999 |
_aA25399 _c28967 _d28967 |
||